Jorge Isaacs y la realidad de su espíritu /

El novelista y poeta colombiano Jorge Isaacs (1837-1895) nació en el Valle del Cauca, aunque se crió en Cali. Desde 1848 inició sus estudios en medicina en Bogotá, mismos que no llegó a terminar. Colaboró con el periódico Mosaico y dirigió La República (1867). Sirvió como cónsul en Chile de 1871 a 1...

Бүрэн тодорхойлолт

-д хадгалсан:
Номзүйн дэлгэрэнгүй
Үндсэн зохиолч: Maya, Rafael (autor)
Формат: Ном
Хэл сонгох:испани
Нөхцлүүд:
Шошгууд: Шошго нэмэх
Шошго байхгүй, Энэхүү баримтыг шошголох эхний хүн болох!

MARC

LEADER 00000nam^a2200000^a^4500
001 000151714
005 20250521000000.0
009 20260310100221.3
037 |a Acervo ITESO - Biblioteca 
041 |a ESP 
082 |a 860. 9861  |b MAY 
100 |a Maya, Rafael  |e (autor) 
245 1 0 |a Jorge Isaacs y la realidad de su espíritu /  |c R. Maya. 
264 |a lugar de publicación no identificado :  |b Revista Iberoamericana,  |c 1945 
300 |a 60-81 p. 
336 |a texto  |b txt  |2 rdacontenido 
337 |a sin mediación  |b n  |2 rdamedio 
338 |a volumen  |b nc  |2 rdasoporte 
520 |a El novelista y poeta colombiano Jorge Isaacs (1837-1895) nació en el Valle del Cauca, aunque se crió en Cali. Desde 1848 inició sus estudios en medicina en Bogotá, mismos que no llegó a terminar. Colaboró con el periódico Mosaico y dirigió La República (1867). Sirvió como cónsul en Chile de 1871 a 1872 . Como gobernador de Cauca, encabezó una rebelión contra el presidente del estado de Antioquia y tomó el poder en Medellín, sin embargo las fuerzas del gobierno nacional lo obligaron a capitular. Posteriormente intentó sin éxito la explotación de carbón mineral en el departamento de magdalena, donde escribió en sus últimos años. Algunas de sus obras son: María, Estudio sobre las tribus indígenas del departamento de Magdalena, Tierra de Córdoba, canto a la raza antioqueña, y Saulo. 
649 |a XX 
650 |a Escritores Colombianos 
650 |a Poesía Colombiana -  |x Historia y Crítica 
650 |a Novela Colombiana -  |x Historia y Crítica 
650 |a Literatura Colombiana -  |x Historia y Crítica 
650 |a Literatura Colombiana -  |y Siglo XIX 
650 |a Isaacs, Jorge 
910 |a Fondo Salvador Reynoso Reynoso 
920 |a Impresos - Libros 
930 |a Fondos Especiales 
940 |a Literatura 
905 |a 112 
901 |a 0800016050  |b IT2  |c ESP  |u 20250521 
902 |a https://opac.biblio.iteso.mx/vufind/Record/000151714